LIBRARY & INFORMATION CENTRE, KCAET, TAVANUR

ONLINE PUBLIC ACCESS CATALOGUE (OPAC)

Machine drawing / (Record no. 10313)

MARC details
000 -LEADER
fixed length control field 00617cam a2200241ua 4500
020 ## - INTERNATIONAL STANDARD BOOK NUMBER
ISBN 81-224-1185-1
041 ## - LANGUAGE CODE
Language code of text/sound track or separate title eng
082 ## - DEWEY DECIMAL CLASSIFICATION NUMBER
Classification number 621.815
Item number NAR/MA
100 ## - MAIN ENTRY--AUTHOR NAME
Personal name Narayana, K.L .
245 ## - TITLE STATEMENT
Title Machine drawing /
250 ## - EDITION STATEMENT
Edition statement 2 /
260 ## - PUBLICATION, DISTRIBUTION, ETC. (IMPRINT)
Place of publication New Delhi :
Name of publisher New Age International Ltd ,
Year of publication 1999.
300 ## - PHYSICAL DESCRIPTION
Number of Pages 411 ; .
500 ## - GENERAL NOTE
General note 20182 A, 20183 A-Scheme
700 1# - ADDED ENTRY--PERSONAL NAME
Personal name Kannaiah, P .
700 1# - ADDED ENTRY--PERSONAL NAME
Personal name Venkata Reddy, K .
942 ## - ADDED ENTRY ELEMENTS (KOHA)
Koha item type Books
Holdings
Withdrawn status Lost status Damaged status Home library Current library Date acquired Full call number Accession Number Koha item type Shelving location
      KAUAET KAUAET 07/04/2012 621.815 19947 Books  
      KAUAET KAUAET 11/09/2018 621.815 NAR/MA 20183 A Books Scheme
      KAUAET KAUAET 11/09/2018 621.815 NAR/MA 20182 A Books Scheme
free website counter